000
00300cam a22001097a 4500
008
180718b1977 xxu||||| |||| 00| 0 eng d
082
_a
XA x42 Un3 ho
245
_a
The Housing sitution
_c
By Borough of Newham
260
_a
London
_b
Borough of Newham
_c
1977
300
_a
23p.
650
_a
Housing sitution
999
_c
414252
_d
414252